000 01242nam a22002657a 4500
999 _c64067
_d64067
005 20240530110713.0
008 180121s2015 ua a f b 000 0dara d
017 _a2014/26889
_bمصر. دار الكتب
020 _a9789773223465
040 _aEG-CaGPL
_cEG-CaGPL
082 0 4 _221
_a205\
_bو ب
100 1 _aوايت ، اندرو ديكسون
245 1 0 _aبين الدين والعلم :
_bتاريخ الصراع بينهما فى القرون الوسطى ازاء علوم الفلك والجغرافيا والنشوء /
_cاندرو ديكسون وايت ؛ ترجمة وتعليق اسماعيل مظهر ؛ تحرير وتقديم احمد الهوارى .
250 _aط.1
260 _aالقاهرة :
_bعين للدراسات و البحوث الانسانية و الاجتماعية ،
_c2015 .
300 _a250 ص. ؛
_c24 سم.
650 0 7 _2qrmak
_aالدين والعلم
650 0 7 _2qrmak
_aالنظرية الهليوسنترية
650 0 7 _2qrmak
_aالجغرافيا ، علم
651 _2qrmak
700 0 _aاسماعيل مظهر
_eمترجم ومعلق
700 0 _aاحمد الهوارى
_eمحرر ومقدم
942 _2ddc
_cBK